Plan de Desarrollo Económico y Social 1968-1972
Metas y políticas generales del Plan de Desarrollo Económico y Social 1968-1972, de El Salvador, define los objetivos para los diferentes sectores económicos, explica las condiciones económicas para la realización del plan, examina el desarrollo y estructura de la economía del país periodo 1962-1967...
Tallennettuna:
| Yhteisötekijä: | |
|---|---|
| Aineistotyyppi: | Tuntematon |
| Julkaistu: |
San Salvador:
El Salvador. Consejo Nacional de Planificación y Coordinación Económica
|
| Aiheet: | |
| Tagit: |
Lisää tagi
Ei tageja, Lisää ensimmäinen tagi!
|
MARC
| LEADER | 00000 a2200000 04500 | ||
|---|---|---|---|
| 001 | 19836 | ||
| 003 | |||
| 008 | 991231s d | ||
| 040 | |||
| 090 | |a 080201 | ||
| 110 | |a El Salvador. Consejo Nacional de Planificación y Coordinación Económica | ||
| 245 | |a Plan de Desarrollo Económico y Social 1968-1972 | ||
| 260 | |a San Salvador: |b El Salvador. Consejo Nacional de Planificación y Coordinación Económica | ||
| 300 | |a 211 p. | ||
| 520 | |a Metas y políticas generales del Plan de Desarrollo Económico y Social 1968-1972, de El Salvador, define los objetivos para los diferentes sectores económicos, explica las condiciones económicas para la realización del plan, examina el desarrollo y estructura de la economía del país periodo 1962-1967, describe las metas con un análisis metodológico enmarcado en un modelo de crecimiento económico, y analiza las políticas de desarrollo que sutentan las cifras proyectadas, contiene un desgloce del plan de inversiones públicas y un apendice estadístico./ACM | ||
| 650 | |a EL SALVADOR | ||
| 650 | |a PLANES NACIONALES | ||
| 650 | |a PLANIFICACION ECONOMICA | ||
| 650 | |a ESTRUCTURA ECONOMICA | ||
| 650 | |a SERVICIOS PUBLICOS | ||
| 650 | |a SEGURIDAD SOCIAL | ||
| 650 | |a MODELOS ECONOMICOS | ||
| 999 | |c 13861 |d 13861 | ||
